Millet research and tribal experience center: A Community and exploration hub, Koraput, Odisha (Record no. 12549)

000 -LEADER
fixed length control field 00565nam a2200157 4500
008 - FIXED-LENGTH DATA ELEMENTS--GENERAL INFORMATION
fixed length control field 240219b ||||| |||| 00| 0 eng d
040 ## - CATALOGING SOURCE
Original cataloging agency BMS College of Architecture
100 ## - MAIN ENTRY--PERSONAL NAME
Personal name Aditya Mishra
245 ## - TITLE STATEMENT
Title Millet research and tribal experience center: A Community and exploration hub, Koraput, Odisha
300 ## - PHYSICAL DESCRIPTION
Extent 82p,
500 ## - GENERAL NOTE
General note 1CF19AT002
502 ## - DISSERTATION NOTE
Degree type B,Arch
Name of granting institution BMS College of Architecture, Visvesvaraya Technological University (VTU)
Dissertation note Project report
Year degree granted 2023
650 ## - SUBJECT ADDED ENTRY--TOPICAL TERM
Topical term or geographic name as entry element Tribal community center
700 ## - ADDED ENTRY--PERSONAL NAME
Personal name Dakshayini R Patil
Relator term Guide
942 ## - ADDED ENTRY ELEMENTS (KOHA)
Source of classification or shelving scheme
Holdings
Withdrawn status Lost status Source of classification or shelving scheme Damaged status Not for loan Permanent Location Current Location Date acquired Barcode Date last seen Koha item type
          BMS College of Architecture, Design and Planning BMS College of Architecture, Design and Planning 2024-02-19 AR-UGP1167 2024-02-19 UG-Thesis and Dissertations
Copyright © 2025, The Librarian, Library and Information Centre, BMSCA D&P, Bengaluru. All Rights Reserved
web counter

Powered by Koha